000 00775na a2200265 4500
001 24484
003 MIRAKIL
005 20181213155335.0
008 181119b tu 000 0
040 _aMilas
_btur
_cTR-AnCHP
041 _atur
082 _a320.9561
_bA61y 1985
090 _a320.9561 A61y 1985
100 _aArcayürek, Cüneyt
245 _aYeni iktidar yeni dönem 1951-1954
_cCüneyt Arcayürek
250 _a2. bs.
260 _aİstanbul
_bBilgi Yayınevi
_c1985
300 _a276 s.
_bfotğ.
_c19 sm.
440 _aBilgi Yayınları
490 _aCüneyt Arcayürek Açıklıyor
_v2
490 _aBilgi dizisi
_v33
650 _aSiyasal partiler
_xTürkiye
_y1951-1954
650 _aSiyaset ve yönetim
_xTürkiye
_y1951-1954
942 _2ddc
_cBKS
999 _c10846
_d10846